Behaving Badly (Record no. 349)

MARC details
000 -LEADER
fixed length control field 00422nam a22001217a 4500
008 - FIXED-LENGTH DATA ELEMENTS--GENERAL INFORMATION
fixed length control field 230605b xxu||||| |||| 00| 0 eng d
082 ## - DEWEY DECIMAL CLASSIFICATION NUMBER
Classification number 324.96762
Item number KNC
110 ## - MAIN ENTRY--CORPORATE NAME
Date of meeting or treaty signing 2006
245 ## - TITLE STATEMENT
Title Behaving Badly
Remainder of title Deception, Chauvinism and Waste During the Referendum Campaigns
Statement of responsibility, etc. Kenya National Commission of Human Rights
260 ## - PUBLICATION, DISTRIBUTION, ETC. (IMPRINT)
Place of publication, distribution, etc. Kenya
Name of publisher, distributor, etc. Kenya National Commission of Human Rights
Date of publication, distribution, etc. September 2006
300 ## - PHYSICAL DESCRIPTION
Extent 108 p
942 ## - ADDED ENTRY ELEMENTS (KOHA)
Source of classification or shelving scheme Dewey Decimal Classification
Koha item type Books
Holdings
Withdrawn status Lost status Source of classification or shelving scheme Damaged status Not for loan Home library Current library Date acquired Total Checkouts Full call number Barcode Date last seen Price effective from Koha item type
    Dewey Decimal Classification     Bunge Tower Library Bunge Tower Library 06/05/2023   324.96762 KNC 10015500 06/05/2023 06/05/2023 Books
    Dewey Decimal Classification     Bunge Tower Library Bunge Tower Library 06/05/2023   324.96762 KNC 10015501 06/05/2023 06/05/2023 Books
LIBRARY OPENING HOURS

When the Parliament is sitting: 8.00a.m - 7.00p.m or until the house adjourns
Mondays and Fridays and when the House is on Recess:  8.00a.m - 5.00p.m
Closed on Weekends and Public Holidays

Online Public Access Catalog (OPAC)
Website: http://www.parliament.go.ke
Bunge Library: https://libraryir.parliament.go.ke
Contact: library@parliament.go.ke | Tel no: (254-2)2221291 or 2848000 Ext 5043